| 000 | 00556nam a22001577a 4500 | ||
|---|---|---|---|
| 003 | OSt | ||
| 005 | 20130509190401.0 | ||
| 008 | 130509s1998 sp ||||| |||| 00| 0 cat d | ||
| 040 | _cCDMR | ||
| 100 | 1 |
_93386 _aGarrell i Alsina, Amador |
|
| 245 | 1 | 0 |
_aPetites cròniques granollerines de Plàcid _crecopilació text, Hemeroteca Municipal Josep Mora ; coordinació, Josep Garrell i Soto |
| 260 |
_a[Granollers] _bAjuntament de Granollers _cDL 1998 |
||
| 300 | _a304 p. | ||
| 600 | 1 |
_93386 _aGarrell i Alsina, Amador _vRecull d'escrits _y1923-1937 |
|
| 942 |
_2udc _cMON |
||
| 999 |
_c6208 _d6208 |
||